Dynamic programming foundations and principles /

Bibliographic Details
Main Author: Sniedovich, Moshe, 1945-
Corporate Author: ProQuest (Firm)
Format: Electronic eBook
Language:English
Published: Boca Raton : CRC Press, 2010.
Edition:2nd ed.
Series:Pure and applied mathematics
Subjects:
Online Access:Click to View
LEADER 01375nam a2200385Ia 4500
001 EBC589942
003 MiAaPQ
005 20200520144314.0
006 m o d |
007 cr cn|||||||||
008 100712s2010 flu sb 000 0 eng d
010 |z  2010029350 
020 |z 9780824740993 (hardcover : alk. paper) 
020 |a 9781420014631 (electronic bk.) 
035 |a (MiAaPQ)EBC589942 
035 |a (Au-PeEL)EBL589942 
035 |a (CaPaEBR)ebr10419935 
035 |a (CaONFJC)MIL290218 
035 |a (OCoLC)680038567 
040 |a MiAaPQ  |c MiAaPQ  |d MiAaPQ 
050 4 |a T57.83  |b .S65 2010 
082 0 4 |a 519.7/03  |2 22 
100 1 |a Sniedovich, Moshe,  |d 1945- 
245 1 0 |a Dynamic programming  |h [electronic resource] :  |b foundations and principles /  |c Moshe Sniedovich. 
250 |a 2nd ed. 
260 |a Boca Raton :  |b CRC Press,  |c 2010. 
300 |a xiii, 594 p. 
490 0 |a Pure and applied mathematics 
504 |a Includes bibliographical references. 
533 |a Electronic reproduction. Ann Arbor, MI : ProQuest, 2015. Available via World Wide Web. Access may be limited to ProQuest affiliated libraries. 
650 0 |a Dynamic programming. 
650 0 |a Programming (Mathematics) 
655 4 |a Electronic books. 
710 2 |a ProQuest (Firm) 
856 4 0 |u https://ebookcentral.proquest.com/lib/matrademy/detail.action?docID=589942  |z Click to View